Estimació de la renda de les comarques i els principals municipis de Catalunya / Antoni Castells, Xavier Güell, Martí Parellada
ISBN:
84-7794-053-3
Descripción Física:
80 p. : quadres ; 30 cm
Materias:
Renda -- Catalunya -- Enquestes
MARC
| LEADER | 00000nam a2200000Ia 4500 | ||
|---|---|---|---|
| 001 | 8786 | ||
| 008 | 160829s1989 xx 000 0 cat d | ||
| 020 | |a 84-7794-053-3 | ||
| 080 | |a M-1-154 | ||
| 100 | |a Castells, Antoni |9 503 | ||
| 245 | |a Estimació de la renda de les comarques i els principals municipis de Catalunya / Antoni Castells, Xavier Güell, Martí Parellada | ||
| 260 | |a Barcelona : |b Diputació de Barcelona, |c 1989 | ||
| 300 | |a 80 p. : |b quadres ; |c 30 cm | ||
| 590 | |a Bibliografia | ||
| 650 | |a Renda |x Catalunya |x Enquestes |9 23761 | ||
| 700 | |a Güell, Xavier |9 27945 | ||
| 700 | |a Parellada i Sabata, Martí |9 27946 | ||
| 901 | |a Arxiu | ||
| 942 | |n 1 | ||
| 952 | |0 0 |1 0 |4 0 |6 M1154 |7 1 |9 44611 |a Arxiu |b Arxiu |d 2016-12-01 |l 0 |o M-1-154 |p 8786 |r 2016-12-01 00:00:00 |w 2016-12-01 |y ARXIU | ||
| 999 | |c 47192 |d 47192 | ||